Pokémons avec au moins 2 statistiques de bases à 120 - Statistiques

Statistiques générales
  • Ce quiz a été pris 34 fois
  • Le résultat moyen est 72 sur 113
Statistiques - réponses
Génération Pokémon % Correct
Génération 4 Darkrai
100%
Génération 3 Deoxys
100%
Génération 3 Deoxys Attaque
100%
Génération 3 Deoxys Défense
100%
Génération 3 Rayquaza
100%
Génération 4 Arceus
90%
Génération 4 Cresselia
90%
Génération 4 Dialga
90%
Génération 8 Dialga Origine
90%
Génération 5 Genesect
90%
Génération 3 Groudon
90%
Génération 2 Ho-Oh
90%
Génération 3 Kyogre
90%
Génération 5 Kyurem
90%
Génération 5 Kyurem Blanc
90%
Génération 5 Kyurem Noir
90%
Génération 2 Leuphorie
90%
Génération 2 Lugia
90%
Génération 5 Meloetta Chant
90%
Génération 5 Meloetta Danse
90%
Génération 1 Mewtwo
90%
Génération 3 Monaflèmit
90%
Génération 4 Palkia
90%
Génération 8 Palkia Origine
90%
Génération 5 Reshiram
90%
Génération 4 Shaymin Céleste
90%
Génération 6 Xerneas
90%
Génération 6 Yveltal
90%
Génération 5 Zekrom
90%
Génération 6 Diancie
80%
Génération 4 Dimoret
80%
Génération 4 Giratina Alternatif
80%
Génération 4 Giratina Origine
80%
Génération 6 Hoopa Déchaîné
80%
Génération 6 Hoopa Enchaîné
80%
Génération 9 Koraidon
80%
Génération 3 Metaloss
80%
Génération 9 Miraidon
80%
Génération 7 Zygarde Parfait
80%
Génération 7 Ama-Ama
70%
Génération 7 Cancrelove
70%
Génération 8 Ethernatos
70%
Génération 7 Katagami
70%
Génération 8 Lanssorien
70%
Génération 7 Lunala
70%
Génération 7 Mandrillon
70%
Génération 7 Mouscoto
70%
Génération 7 Necrozma AA
70%
Génération 7 Necrozma CC
70%
Génération 7 Necrozma Ultra
70%
Génération 3 Registeel
70%
Génération 4 Rhinastoc
70%
Génération 7 Solgaleo
70%
Génération 8 Sylveroy CE
70%
Génération 8 Sylveroy CF
70%
Génération 6 Volcanion
70%
Génération 8 Zacian Epée
70%
Génération 8 Zacian Héros
70%
Génération 8 Zamazenta Bouclier
70%
Génération 8 Zamazenta Héros
70%
Génération 1 Alakazam
60%
Génération 4 Bastiodon
60%
Génération 8 Blizzeval
60%
Génération 4 Créfadet
60%
Génération 4 Créhelf
60%
Génération 6 Exagide Assaut
60%
Génération 6 Exagide Parade
60%
Génération 9 Fort-Ivoire
60%
Génération 9 Garde-de-Fer
60%
Génération 9 Hotte-de-Fer
60%
Génération 9 Ire-Foudre
60%
Génération 4 Noctunoir
60%
Génération 7 Pierroteknik
60%
Génération 9 Pondralugon
60%
Génération 8 Spectreval
60%
Génération 7 Zéroïd
60%
Génération 9 Baojian
50%
Génération 8 Darumacho Transe Galar
50%
Génération 9 Dinglu
50%
Génération 9 Flotte-Mèche
50%
Génération 7 Marshadow
50%
Génération 7 Prédastérie
50%
Génération 9 Roc-de-Fer
50%
Génération 4 Tarinorme
50%
Génération 8 Ursaking
50%
Génération 8 Ursaking LV
50%
Génération 9 Yuyu
50%
Génération 2 Caratroc
40%
Génération 7 Chelours
40%
Génération 8 Farfurex
40%
Génération 7 Froussardine Banc
40%
Génération 1 Grolem
40%
Génération 7 Grolem d'Alola
40%
Génération 3 Hariyama
40%
Génération 7 Melmetal
40%
Génération 9 Paume-de-Fer
40%
Génération 6 Strassie
40%
Génération 3 Téraclope
40%
Génération 9 Terapagos Stellaire
40%
Génération 7 Concombaffe
30%
Génération 7 Cosmovum
30%
Génération 8 Dolman
30%
Génération 1 Rhinoféros
30%
Génération 7 Sarmuraï
30%
Génération 9 Scalpereur
30%
Génération 8 Seracrawl de Hisui
30%
Génération 2 Donphan
20%
Génération 6 Floette Eternelle
20%
Génération 8 Lézargus
20%
Génération 8 Pachyradjah
20%
Génération 8 Corayôme
10%
Génération 5 Gigalithe
10%
Génération 8 Hastacuda
0%
Aucun quiz correspondant
Distribution des résultats
% des personnes avec chaque résultat
Percentile par nombre de réponses
Votre historique - résultats
Vous n’avez pas pris ce quiz